| 000 | 00935nam a22002297a 4500 | ||
|---|---|---|---|
| 003 | JO-AjAnu | ||
| 005 | 20251022084101.0 | ||
| 008 | 251013b jo ||||| |||| 00| 0 ara d | ||
| 020 | _a978-9957-66-458-9 | ||
| 022 | _a5856/10/2025 | ||
| 040 |
_aANU _cJO-AjAnu |
||
| 041 | _hARA | ||
| 100 |
_aالديوان، لمياء حسن _eمؤلف _966819 |
||
| 245 |
_aالإبداع والابتكار في التربية الرياضية : استراتيجيات وأساليب عصرية _c / اعداد لمياء حسن الديوان وآخرون |
||
| 260 |
_aعمان : _bدار الحامد للنشر والتوزيع، _c 2025 |
||
| 300 | _a213 صفحة | ||
| 650 | _vالتدريب الرياضي | ||
| 700 |
_aمحمد، فاطمة حسن _eم. مشارك _966820 |
||
| 700 |
_aغازي، محمد عاصم _eم. مشارك _966821 |
||
| 700 |
_aمحمد، دعاء طارق _eم. مشارك _966822 |
||
| 942 |
_2lcc _cBK _n0 |
||
| 999 |
_c34080 _d34080 |
||